BSOP header

讓全世界都知道 : (Record no. 39174)

MARC details
000 -LEADER
fixed length control field 00807nam a22002177a 4500
001 - CONTROL NUMBER
control field 37733
008 - FIXED-LENGTH DATA ELEMENTS--GENERAL INFORMATION
fixed length control field 041110s1999 ch ||| |||| 00| 0 chi d
020 ## - INTERNATIONAL STANDARD BOOK NUMBER
Terms of availability (pbk.)
International Standard Book Number 1561793841
040 ## - CATALOGING SOURCE
Original cataloging agency FJU
041 1# - LANGUAGE CODE
Language code of text/sound track or separate title chi
050 ## - LIBRARY OF CONGRESS CALL NUMBER
Classification number BS632.T53WM
100 1# - MAIN ENTRY--PERSONAL NAME
Personal name 瑞.凡德.朗恩
Fuller form of name (Laan, Raynard Vander.)
245 10 - TITLE STATEMENT
Title 讓全世界都知道 :
Remainder of title 由聖地.聖史.聖詩得知真神 /
Statement of responsibility, etc Raynard Vander Laan著; 許惠珺等譯.
260 ## - PUBLICATION, DISTRIBUTION, ETC. (IMPRINT)
Place of publication, distribution, etc 台北 :
Name of publisher, distributor, etc 救世傳播協會天韻出版社發行,
Date of publication, distribution, etc 1999.
300 ## - PHYSICAL DESCRIPTION
Extent 6v ;
Dimensions 29 cm.
500 ## - GENERAL NOTE
General note Translation of: That the world may know
500 ## - GENERAL NOTE
General note 內容: v.1教師手冊: 信心課程1-5, v.2課程6-10,v.3課程11-18, v.4課程19-27, v.5-1課程28-32. v.5-2參考手冊
650 ## - SUBJECT ADDED ENTRY--TOPICAL TERM
Source of heading or term lc
Topical term or geographic name as entry element Bible
General subdivision Antiquities.
700 1# - ADDED ENTRY--PERSONAL NAME
Personal name 許, 惠珺.
Relator term
942 ## - ADDED ENTRY ELEMENTS (KOHA)
Source of classification or shelving scheme Library of Congress Classification
Item type Books
Holdings
Withdrawn status Lost status Source of classification or shelving scheme Damaged status Not for loan Home library Current library Shelving location Date acquired Accession number Total Checkouts Full call number Barcode Date last seen Price effective from Koha item type
    Library of Congress Classification     BSOP Library BSOP Library Chinese Books (General Circulation) 07/04/2015 C-14427   CH 1 BS 632.T53WM L11 00046831 07/04/2015 07/04/2015 Books
    Library of Congress Classification     BSOP Library BSOP Library   07/04/2015 C-14428   CH 2 BS 632.T53WM L11 00046832 07/04/2015 07/04/2015 Books
    Library of Congress Classification     BSOP Library BSOP Library Chinese Books (General Circulation) 07/04/2015 C-14429   CH 3 BS 632.T53WM L11 00046833 07/04/2015 07/04/2015 Books
    Library of Congress Classification     BSOP Library BSOP Library Chinese Books (General Circulation) 07/04/2015 C-14430   CH 4 BS 632.T53WM L11 00046834 07/04/2015 07/04/2015 Books
    Library of Congress Classification     BSOP Library BSOP Library   07/04/2015 C-14431   CH 5 BS 632.T53WM L11 00046835 07/04/2015 07/04/2015 Books
BSOP

Biblical Seminary of the Philippines
  All rights Reserved
  © 2024

CONTACT INFORMATION

Biblical Seminary of the Philippines,
  77-B Karuhatan Road, Valenzuela City,
  PHILIPPINES 1441
  Phone: +632 8292-6795 / 8292-6798
  Fax : +632 8292-6675
  Email: library@bsop.edu.ph